000 00929nam a2200253 a 4500
001 000017290
005 20200929165053.0
008 100322s2009 dr 000 j spa d
020 _a9789993442882
040 _aDO-SdBNP
_bspa
_cBNPHU
082 _aPe863.44
_bA454m
100 1 _aAlonso, Paul,
_d1978-
_937944
245 1 0 _aMe persiguen :
_brelatos de escape /
_cPaul Alonso ; presentación Alejandro Arvelo.
260 _aSanto Domingo :
_bDirección General de la Feria del Libro,
_c2009.
300 _a90 p. ;
_c23 cm.
490 1 _aEdiciones Ferilibro
_vv. 112
500 _aInncluye datos biográficos del autor en la solapa de la cubierta.
586 _aPremio Internacional de Cuento Joven Feria del Libro 2008.
590 _aInventariado, 2019 / DG
650 4 _aCuentos peruanos
_922009
650 4 _aLiteratura peruana
_93140
700 1 _aArvelo, Alejandro
_9147
830 0 _aEdiciones Ferilibro
_nno. 112
_937945
999 _c16815
_d16815